| 000 | 00604nam a2200217 a 4500 | ||
|---|---|---|---|
| 001 | 16982 | ||
| 003 | CO-ViMGA | ||
| 008 | 141112s2004 ck r 000 u spa d | ||
| 020 | _a9681863585 | ||
| 040 |
_aCO-ViMGA _bspa _cCO-ViMGA |
||
| 082 | 0 | 4 | _a658.88 E549m |
| 100 | 1 |
_aEliozondo, Alan _924067 |
|
| 245 | 1 | 0 | _aMedición integral del riesgo de credito |
| 260 |
_aMexico, _cLimusa, _c2003 |
||
| 300 | _a269.p. | ||
| 590 | _aForma de adquisición : Premio - Mincultura | ||
| 650 | 1 | 4 |
_aADMINISTRACION DE CREDITOS _924068 |
| 650 | 1 | 4 |
_aCREDITO _955503 |
| 650 | 1 | 4 | _aPolítica MONETARIA |
| 942 |
_2ddc _cBK |
||
| 999 |
_c26600 _d26600 |
||